[Event "DSOL 05 Liga Gr-D 1st"]
[Site "Playchess.com INT"]
[Date "2020.07.17"]
[Round "4.4"]
[White "Berzl, Stefan"]
[Black "Schade, Lars"]
[Result "1/2-1/2"]
[WhiteElo "1533"]
[BlackElo "1561"]
[PlyCount "64"]
[EventDate "2020.06.22"]
[EventType "team-tourn (rapid)"]
[EventCountry "GER"]
[SourceTitle "EXT 2021"]
[Source "ChessBase"]
[SourceDate "2020.10.23"]
[SourceVersion "1"]
[SourceVersionDate "2020.10.23"]
[SourceQuality "1"]
[WhiteTeam "Wasserburg"]
[BlackTeam "Billerbeck Tuerme"]
[WhiteTeamCountry "GER"]
[BlackTeamCountry "GER"]

1. e4 c5 2. Nf3 d6 3. c3 Nf6 4. e5 dxe5 5. Nxe5 Nbd7 6. Bb5 a6 7. Nxd7 Bxd7 8. Bxd7+ Qxd7 9. 0-0 e6 10. Na3 b5 11. Nc2 Bd6 12. d4 cxd4 13. Qxd4 Rd8 14. Bg5 Qc7 15. Qh4 Be7 16. Nd4 0-0 17. Rfe1 h6 18. Bxh6 gxh6 19. Re3 Kh7 20. Rh3 h5 21. f3 Rg8 22. g4 Qf4 23. Kh1 Kh6 24. Rg1 Rd7 25. g5+ Qxg5 26. Rxg5 Rxg5 27. Qf4 Kg6 28. Rg3 Rxg3 29. hxg3 Bd6 30. Qh4 Be5 31. Kg2 Bxd4 32. cxd4 Nd5 1/2-1/2